[Event "Let's Play Chess!"]
[Site "http://www.queenalice.com/game.php?id=780320"]
[Date "2010.5.26"]
[Round "-"]
[White "ArmandoAzevedo"]
[Black "nicolasznll"]
[Result "1-0"]
[WhiteElo "2663"]
[BlackElo "1614"]

1. e4 e6 2. Nf3 Nf6 3. e5 Ne4 4. d3 Nc5 5. d4 Ne4 6. Bd3 f5 7. O-O Nc6 8. Qe1
Bb4 9. c3 d6 10. cxb4 a5 11. b5 Nb4 12. Bxe4 fxe4 13. Qxe4 O-O 14. exd6 Qxd6 15.
Ng5 Re8 16. Qxh7+ Kf8 17. Qh8+ Ke7 18. Qxg7+ Kd8 19. Nf7+ Kd7 20. Nxd6+ Kxd6 21.
Bf4+ Kd5 22. Qe5+ Kc4 23. Nd2+ Kd3 24. Qe4# 1-0

[Event "Challenge"]
[Site "http://www.queenalice.com/game.php?id=780773"]
[Date "2010.5.25"]
[Round "-"]
[White "nicolasznll"]
[Black "fc15"]
[Result "0-1"]
[WhiteElo "1249"]
[BlackElo "1110"]

1. e4 h5 2. Be2 Nf6 3. d3 d5 4. f3 c6 5. Nh3 g6 6. Bf4 Nbd7 7. O-O a5 8. Nc3 Ra6
9. d4 Bh6 10. a4 Bxf4 11. Nxf4 e6 12. Ra3 dxe4 13. fxe4 Rb6 14. Qc1 Rb4 15. Rb3
Rxd4 16. Bf3 g5 17. Rd1 e5 18. Nd3 g4 19. Be2 c5 20. Nb5 Nxe4 21. Qe3 c4 22.
Nd6+ Nxd6 23. Nxe5 Qe7 24. Qxd4 Nxe5 25. Rb6 Bd7 26. Rxd6 f6 27. Bxc4 Rf8 28. b3
Rg8 29. Bxg8 Qf8 30. Re6+ Bxe6 31. Bxe6 Qe7 32. Qd5 Qb4 33. Bf7+ Nxf7 34. Qe6+
Kf8 35. Rd7 Qc5+ 36. Kf1 Qe5 37. Rxf7+ Kg8 38. Rxf6+ Qxe6 0-1

[Event "Let's Play Chess!"]
[Site "http://www.queenalice.com/game.php?id=781052"]
[Date "2010.5.27"]
[Round "-"]
[White "nicolasznll"]
[Black "ArmandoAzevedo"]
[Result "0-1"]
[WhiteElo "1614"]
[BlackElo "2684"]

1. e4 c5 2. Be2 Nc6 3. Nf3 Nf6 4. d3 e6 5. Nc3 d5 6. O-O d4 7. Nb5 a6 8. Na3 b5
9. c4 b4 10. Nc2 Bd6 11. g3 O-O 12. a3 bxa3 13. Nxa3 Qb6 14. Qd2 h6 15. b3 Rb8
16. Rb1 e5 17. Ng5 hxg5 18. Qxg5 Bh3 19. Re1 Qa5 20. Bb2 Rxb3 21. Nc2 Qb6 22.
Ba3 Rxb1 23. Bc1 Qb3 24. Qd2 Qc3 25. Qd1 Nb4 26. f4 Nxc2 27. Rf1 Ne3 28. Rf3
Nxd1 29. Bxd1 Qe1+ 30. Rf1 Qxf1# 0-1

[Event "Let's Play Chess!"]
[Site "http://www.queenalice.com/game.php?id=781259"]
[Date "2010.5.27"]
[Round "-"]
[White "nicolasznll"]
[Black "lame"]
[Result "1-0"]
[WhiteElo "1477"]
[BlackElo "1145"]

1. e4 Nf6 2. d3 e5 3. Nf3 Bb4+ 4. c3 Ba5 5. Nh4 d6 6. Qf3 Bg4 7. Qg3 g5 8. Nf5
Bxf5 9. Bxg5 Rg8 10. Be2 c6 11. O-O Nbd7 12. Na3 Bxe4 13. dxe4 Nxe4 14. Bxd8
Nxg3 15. Rfe1 Bxd8 16. hxg3 Nf6 17. Bf3 d5 18. Rxe5+ Kf8 19. Nc2 Bb6 20. Nd4 Re8
21. Rae1 a6 22. Nf5 Bc5 23. b4 Bb6 24. Nd6 Rb8 25. Rf5 Bc7 26. Rxf6 Bxd6 27.
Rxd6 Re8 28. Rd1 Rg6 29. Rxg6 hxg6 30. a4 b6 31. g4 Re5 32. Ra1 Kg8 33. a5 bxa5
34. Rxa5 Re1+ 35. Kh2 Rc1 36. Ra3 Kg7 37. Be2 Rc2 38. Bxa6 Rxf2 39. Bb7 Rf6 40.
Ra6 g5 41. Bxc6 Rd6 42. b5 Kf6 43. Bb7 Ke5 44. Ra4 f6 45. Bc8 Rb6 46. Rb4 Kd6
47. Kg3 Kc5 48. Bd7 Kd6 49. Be8 Ke5 50. c4 dxc4 51. Rxc4 Rxb5 52. Bxb5 1-0

[Event "Challenge"]
[Site "http://www.queenalice.com/game.php?id=781357"]
[Date "2010.5.27"]
[Round "-"]
[White "pretinho"]
[Black "nicolasznll"]
[Result "0-1"]
[WhiteElo "1328"]
[BlackElo "1500"]

1. e4 e6 2. Nf3 Qf6 3. Be2 Bc5 4. d4 Bb6 5. O-O h6 6. Nc3 Ne7 7. Qd2 O-O 8. Na4
Nbc6 9. d5 Na5 10. Nd4 Bxd4 11. c3 Nc4 12. Bxc4 Be5 13. Nc5 d6 14. Qd3 Qh4 15.
Nxb7 exd5 16. Qg3 Bxg3 17. fxg3 Qxe4 18. b3 Bxb7 19. Bf4 dxc4 20. Rae1 Qxg2# 0-1

[Event "Let's Play Chess!"]
[Site "http://www.queenalice.com/game.php?id=783275"]
[Date "2010.5.31"]
[Round "-"]
[White "nicolasznll"]
[Black "strontcan"]
[Result "0-1"]
[WhiteElo "1516"]
[BlackElo "1643"]

1. e4 c6 2. Qh5 Nf6 3. Qe5 d5 4. Be2 e6 5. Nf3 Bd6 6. Qd4 c5 7. Qa4+ Bd7 8. Qb3
O-O 9. d4 dxe4 10. Ng5 h6 11. Nh3 Bc6 12. Bf4 cxd4 13. O-O Qc7 14. Na3 Bxf4 15.
g3 Bd2 16. Rfd1 e3 17. fxe3 dxe3 18. Nf4 Nd5 19. Nc4 Nxf4 20. gxf4 Qxf4 21. Rf1
Qg5+ 22. Bg4 Qxg4# 0-1

[Event "Let's Play Chess!"]
[Site "http://www.queenalice.com/game.php?id=784243"]
[Date "2010.6.2"]
[Round "-"]
[White "Pater"]
[Black "nicolasznll"]
[Result "1-0"]
[WhiteElo "1426"]
[BlackElo "1614"]

1. e4 e5 2. f4 f6 3. Nc3 Bc5 4. Nf3 Ne7 5. fxe5 O-O 6. d4 Bb4 7. exf6 gxf6 8.
Bh6 Ng6 9. Bxf8 Kxf8 10. Bd3 Nc6 11. O-O Nf4 12. Qc1 Ne6 13. d5 Ned4 14. dxc6
1-0

[Event "Challenge"]
[Site "http://www.queenalice.com/game.php?id=787173"]
[Date "2010.6.8"]
[Round "-"]
[White "Ares23"]
[Black "nicolasznll"]
[Result "1-0"]
[WhiteElo "1371"]
[BlackElo "1428"]

1. e4 e5 2. Nf3 f6 3. d4 Nc6 4. Bb5 a6 5. Bxc6 dxc6 6. O-O Bg4 7. Nc3 Bb4 8. h3
Be6 9. dxe5 Bc4 10. Qxd8+ Rxd8 11. Rd1 Ne7 12. Rd4 b5 13. b3 Bxc3 14. Rxd8+ Kxd8
15. Rb1 Be2 16. a4 Kc8 17. exf6 gxf6 18. Ba3 Re8 19. axb5 cxb5 20. Bb2 Bxb2 21.
Rxb2 f5 22. Nd4 Bd1 23. exf5 Nd5 24. c4 Nf4 25. cxb5 Ne2+ 26. Nxe2 Bxe2 27. bxa6
Bxa6 28. g4 Re1+ 29. Kh2 Bb7 30. Rd2 Rh1+ 31. Kg3 Rg1+ 32. Kh4 Bg2 33. f6 Rh1
34. Rd3 Rf1 35. Kg3 Be4 36. Rd2 Rg1+ 37. Kh4 Bg6 38. Kg5 Be8 39. Kh6 Rh1 40. Rd3
Rh2 41. f4 Rf2 42. f5 Bb5 43. Re3 c5 44. f7 Kd8 45. f8=Q+ Be8 46. Re7 Rh2 47.
Qxe8# 1-0

[Event "Just a Play..."]
[Site "http://www.queenalice.com/game.php?id=790683"]
[Date "2010.6.16"]
[Round "-"]
[White "nicolasznll"]
[Black "spawnwolfwolverine"]
[Result "0-1"]
[WhiteElo "1486"]
[BlackElo "1674"]

1. d4 d5 2. e3 e6 3. Nf3 b6 4. Nc3 Nf6 5. Bb5+ Bd7 6. Qd3 Be7 7. a3 O-O 8. Ne5
Bxb5 9. Qxb5 Nbd7 10. O-O c5 11. dxc5 Nxc5 12. Rd1 Bd6 13. Nc6 Qc7 0-1

[Event "Challenge"]
[Site "http://www.queenalice.com/game.php?id=790830"]
[Date "2010.6.16"]
[Round "-"]
[White "nicolasznll"]
[Black "sivic79"]
[Result "0-1"]
[WhiteElo "1393"]
[BlackElo "1893"]

1. e3 e6 2. Bc4 d5 3. Bb3 a5 4. d4 a4 5. Qd3 axb3 6. Qxb3 Nf6 7. f3 Bd6 8. Nh3
O-O 9. Nc3 Nc6 10. a4 b6 11. O-O Na5 12. Qb5 Ba6 13. Qe2 Bxe2 14. Nxe2 Qe7 15.
Nc3 c5 16. Nb5 Bb8 17. Nf4 Bxf4 18. exf4 cxd4 19. Nxd4 g6 20. Ra3 Nc4 21. Rb3
Rxa4 22. Ra3 Nxa3 23. bxa3 Rxd4 24. c3 Rd3 25. g3 Qc5+ 26. Kg2 Rxc3 27. Bb2 Rc2+
28. Rf2 Qxf2+ 29. Kh3 Qxh2# 0-1

[Event "Alemanha ***********"]
[Site "http://www.queenalice.com/game.php?id=799473"]
[Date "2010.7.6"]
[Round "-"]
[White "picapal"]
[Black "nicolasznll"]
[Result "1-0"]
[WhiteElo "1482"]
[BlackElo "1347"]

1. e4 e5 2. Nf3 d6 3. Nc3 Nf6 4. Bc4 Bg4 5. d3 Qd7 6. O-O Nc6 7. Be3 Be7 8. h3
Be6 9. Bxe6 Qxe6 10. Nb5 O-O 11. Nxc7 Qc8 12. Nxa8 Qxa8 13. c3 Rc8 14. Nh4 g5
15. Bxg5 a5 16. Bxf6 Bxf6 17. Nf5 Kf8 18. Qh5 Ne7 19. Qh6+ 1-0

[Event "Challenge"]
[Site "http://www.queenalice.com/game.php?id=813367"]
[Date "2010.8.4"]
[Round "-"]
[White "carlosufpe"]
[Black "nicolasznll"]
[Result "1-0"]
[WhiteElo "1550"]
[BlackElo "1285"]

1. e4 e5 2. Nf3 d6 3. d4 Bg4 4. dxe5 dxe5 5. Qxd8+ Kxd8 6. Nxe5 Bb4+ 7. c3 Be6
8. cxb4 Nc6 9. Nxc6+ bxc6 10. g3 Nf6 11. Nc3 Re8 12. Bg2 Rb8 13. a3 Rb6 14. O-O
Bc4 15. Rd1+ Kc8 16. Be3 Rb7 17. Bf4 1-0

[Event "Challenge"]
[Site "http://www.queenalice.com/game.php?id=813677"]
[Date "2010.8.5"]
[Round "-"]
[White "Petrucio"]
[Black "nicolasznll"]
[Result "1-0"]
[WhiteElo "1400"]
[BlackElo "1302"]

1. e4 e5 2. Qh5 d6 3. Bc4 g6 4. Qf3 Nf6 5. Bb5+ c6 6. Ba4 b5 7. Bb3 Nbd7 8. a4
Ba6 9. Nh3 Nc5 10. a5 Qe7 11. d4 exd4 12. e5 dxe5 13. Qxc6+ Nfd7 14. Qxa8+ Qd8
15. Qxa7 Bb7 16. a6 Bxa6 17. Bd5 1-0